000 00268nam a2200097Ia 4500
082 _aAF KEMP
245 0 _aFacials op 'n vliegtuig
100 _a KEMP, Regina Kaapstad, 2003 1ste uitg
_998504
942 _cBK
008 210817s9999 xx 000 0 und d
999 _c418354
_d418353